000 00473nam a2200157Ia 4500
008 240729s9999 xx 000 0 und d
245 0 _aJournal of Education Culture and Society
260 _aPoland
260 _bFoundation Pro Scientia Publica
650 _a Education (General) | Social Sciences
650 _a Social sciences (General)
650 _aEducation
856 _uhttps://doaj.org/toc/408ef0a6bf5d4e7d95725ccb83802d3e
942 _2ddc
942 _cDOAJEJ
999 _c71130
_d71130
945 _a1
_bMadushi Gamage
_c1
_dMadushi Gamage